| 000 | 00728nam a2200217 a 4500 | ||
|---|---|---|---|
| 005 | 20240309063628.0 | ||
| 008 | 140626s2011 mx r 000 0 spa d | ||
| 035 | _aUPN01000198379 | ||
| 049 | _aI | ||
| 050 | 4 |
_aRJ101 _bD4.8 |
|
| 100 | 1 |
_aDelaunois, Angèle, _d1946- _935938 |
|
| 245 | 1 | 4 |
_aUna vacuna ¿para qué? / _cAngèle Delaunois ; il. Francois Thisdale ; tr. Elías Ortiz. |
| 260 |
_aMéxico : _bPetra, _c2011. |
||
| 300 |
_a[32] p. : _bil. col. |
||
| 534 |
_pTítulo original: _tUne vaccine pour qui faire? |
||
| 650 | 0 |
_aNiños _xSalud e Higiene _vLiteratura juvenil _922623 |
|
| 650 | 4 |
_aVACUNAS _96419 |
|
| 650 | 4 |
_aNIÑOS - _xENFERMEDADES - _vLITERATURA INFANTIL _921848 |
|
| 905 | _aInfantil | ||
| 999 |
_c170480 _d170480 |
||